Movies Quiz

Random Movies or Role Quiz

30 Ways to Die in the Movies Quiz Stats

 Plays Quiz Updated Apr 25, 2015

Challenge
Share
Tweet
Embed
Score 0/30 Timer 08:00
3 Plays Today
% Correct
Donald Gennaro (Jurassic Park)
94.5%
Mufasa (The Lion King)
92.3%
Marion Crane (Psycho)
91.4%
King Kong (King Kong)
90.3%
Major Arnold Toht (Raiders of the Lost Ark)
87.7%
Wicked Witch of the East (The Wizard of Oz)
82.3%
John Coffey (The Green Mile)
82%
Ursula the Sea Witch (The Little Mermaid)
78.9%
Coral (Finding Nemo)
77.4%
Santino 'Sonny' Corleone (The Godfather)
73.5%
Lord Farquaad (Shrek)
73.3%
Jack Torrance (The Shining)
72.8%
Boromir (Lord of the Rings: The Fellowship of the Ring)
71.9%
Bill (Kill Bill)
70.4%
Major TJ Kong (Dr. Strangelove)
68.9%
% Correct
Frank Nitti (The Untouchables)
67.7%
Lester Burnham (American Beauty)
67.5%
Satine (Moulin Rouge)
67.2%
Butch Cassidy (Butch Cassidy and the Sundance Kid)
66.3%
Spartacus (Spartacus)
66%
Malcolm Crowe (The Sixth Sense)
65%
Sir Robin of Camelot (Monty Python and the Holy Grail)
63.5%
Marvin (Pulp Fiction)
61.5%
Colonel Kurtz (Apocalypse Now)
60.6%
Judge Doom (Who Framed Roger Rabbit)
60.2%
Norman Osborn (Spiderman)
59.8%
Jackie Boy (Sin City)
54.2%
Bonnie Blue Butler (Gone with the Wind)
54%
Dr. Orin Scrivello, D.D.S. (Little Shop of Horrors)
53.3%
Vizzini (The Princess Bride)
53.2%

You're not logged in!

Compare scores with friends on all Sporcle quizzes.
Join for Free
OR
Log In

You Might Also Like...

Show Comments

Extras

Top Quizzes Today


Score Distribution

Your Account Isn't Verified!

In order to create a playlist on Sporcle, you need to verify the email address you used during registration. Go to your Sporcle Settings to finish the process.

Report this User

Report this user for behavior that violates our Community Guidelines.

Details: